000
00347nam a2200157Ia 4500
100
_a
Desphande/S.P.
490
_v
I
942
_c
BK
654
_a
Mathematics
245
_a
Mathematics for polytechnic students
260
_b
Pune vidyarthi griha prak.
_a
Pune
_c
1986
082
_a
570
_b
Des
300
_a
489
546
_a
ENGLISH
999
_c
29177
_d
29177